Statistics for Overwatch Hero Anagrams

Click here to take the quiz!

General Stats

  • This quiz has been taken 242 times
  • The average score is 9 of 14

Answer Stats

AnagramHero% Correct
MR CECEMcCree
92%
HARDER NITReinhardt
77%
CRATERTracer
77%
MA BROSSombra
73%
I SOAROrisa
71%
OBTAINSBastion
67%
I ROAMMoira
65%
BRR JOT NOTorbjorn
64%
WAKED I WORMWidowmaker
63%
OOH DRAGRoadhog
62%
SO RILEDSoldier 76
56%
IN TOWNSWinston
50%
MY MASTERSymmetra
38%
TIGER BITBrigitte
37%

Score Distribution

Percentile by Number Answered

Percent of People with Each Score

Your Score History

You have not taken this quiz